ARRUPE JESUIT UNIVERSITY

CORONAVIRUS -STOP THE SPREAD - CLEAN,DISINFECT,COVER

Husserl, Heidegger, and the space of meaning : (Record no. 124177)

MARC details
000 -LEADER
fixed length control field 01276cam a2200301 a 4500
001 - CONTROL NUMBER
control field 12162249
003 - CONTROL NUMBER IDENTIFIER
control field ARRUPE
005 - DATE AND TIME OF LATEST TRANSACTION
control field 20160215115515.0
008 - FIXED-LENGTH DATA ELEMENTS--GENERAL INFORMATION
fixed length control field 000901s2001 ilu b 001 0 eng
010 ## - LIBRARY OF CONGRESS CONTROL NUMBER
LC control number 00046032
020 ## - INTERNATIONAL STANDARD BOOK NUMBER
International Standard Book Number 0810118041 (alk. paper)
020 ## - INTERNATIONAL STANDARD BOOK NUMBER
International Standard Book Number 081011805X (pbk. : alk. paper)
040 ## - CATALOGING SOURCE
Original cataloging agency DLC
Transcribing agency DLC
Modifying agency DLC
050 00 - LIBRARY OF CONGRESS CALL NUMBER
Classification number B3279.H94
Item number C76 2001
082 00 - DEWEY DECIMAL CLASSIFICATION NUMBER
Classification number 142/.78
Edition number 21
300 ## - PHYSICAL DESCRIPTION
Dimensions 24 cm.
100 1# - MAIN ENTRY--PERSONAL NAME
Personal name Crowell, Steven Galt.
9 (RLIN) 22295
245 10 - TITLE STATEMENT
Title Husserl, Heidegger, and the space of meaning :
Remainder of title paths toward transcendental phenomenology /
Statement of responsibility, etc Steven Galt Crowell.
260 ## - PUBLICATION, DISTRIBUTION, ETC. (IMPRINT)
Place of publication, distribution, etc Evanston, Ill. :
Name of publisher, distributor, etc Northwestern University Press,
Date of publication, distribution, etc 2001.
300 ## - PHYSICAL DESCRIPTION
Extent xviii, 323 p. ;
490 1# - SERIES STATEMENT
Series statement Northwestern University studies in phenomenology and existential philosophy
504 ## - BIBLIOGRAPHY, ETC. NOTE
Bibliography, etc Includes bibliographical references (p. 305-314) and index.
600 10 - SUBJECT ADDED ENTRY--PERSONAL NAME
Personal name Husserl, Edmund,
Dates associated with a name 1859-1938.
9 (RLIN) 717
600 10 - SUBJECT ADDED ENTRY--PERSONAL NAME
Personal name Heidegger, Martin,
Dates associated with a name 1889-1976.
9 (RLIN) 22296
830 #0 - SERIES ADDED ENTRY--UNIFORM TITLE
Uniform title Northwestern University studies in phenomenology & existential philosophy.
9 (RLIN) 22297
906 ## - LOCAL DATA ELEMENT F, LDF (RLIN)
a 7
b cbc
c orignew
d 1
e ocip
f 20
g y-gencatlg
942 ## - ADDED ENTRY ELEMENTS (KOHA)
Source of classification or shelving scheme Library of Congress Classification
Koha item type Monograph ( Printed materials)
Holdings
Withdrawn status Lost status Source of classification or shelving scheme Damaged status Not for loan Collection code Home library Current library Shelving location Date acquired Total Checkouts Full call number Barcode Date last seen Price effective from Koha item type
    Library of Congress Classification     Main Collection ARRUPE LIBRARY ARRUPE LIBRARY Main Collection 15/02/2016   B3279.H94C76 2001 46500006692 15/02/2016 15/02/2016 Monograph ( Printed materials)

 

Arrupe Library. PO Box MP320 Mt Pleasant, Harare, Zimbabwe
263 242 745411|librarian@aju.ac.zw